000 00603nam a2200229Ia 4500
003 OSt
005 20220928111143.0
006 a|||||r|||| 00| 0
007 ta
008 220927b |||||||| |||| 00| 0 eng d
024 _a39109
037 _cReference Collections
040 _aSDCL
_cSDCL
_beng
041 _2eng
_aeng
082 _aX9(F555).73'N, M4 RR
245 0 _aUSA OIL Industry directory.
250 _a23
260 _aTulsa
_bPennWell
_c1984
300 _a611p
_ccm.
942 _hX9(F555).73'N, M4 RR
_cREF
_2CC
999 _c738188
_d738188